[Event "CP-2014-P-00027"]
[Site "LSS email"]
[Date "2014.09.30"]
[Round "?"]
[White "Jokmin, Guido"]
[Black "Korzun, Sergey"]
[Result "0-1"]
[WhiteElo "733"]
[BlackElo "1510"]
[PlyCount "28"]
[EventDate "2014.10.01"]
[EventType "tourn (corr)"]
[EventRounds "6"]
[EventCountry "GER"]
[SourceTitle "Corr 2022"]
[Source "ChessBase"]
[SourceDate "2021.10.24"]
[SourceVersion "1"]
[SourceVersionDate "2021.10.24"]
[SourceQuality "1"]

1. e4 c5 2. d4 cxd4 3. c3 g6 4. Nf3 dxc3 5. Nxc3 Nc6 6. Bc4 Nf6 7. Bf4 Bg7 8. Qe2 0-0 9. 0-0 d6 10. Rfd1 Bg4 11. e5 Nh5 12. Bg5 Bxf3 13. Qxf3 Nxe5 14. Qd3 Nxd3 0-1

[Event "CP-2014-P-00027"]
[Site "LSS email"]
[Date "2014.09.30"]
[Round "?"]
[White "Korzun, Sergey"]
[Black "Van De Peut, Aart"]
[Result "1-0"]
[WhiteElo "1510"]
[BlackElo "1383"]
[PlyCount "63"]
[EventDate "2014.10.01"]
[EventType "tourn (corr)"]
[EventRounds "6"]
[EventCountry "GER"]
[SourceTitle "Corr 2022"]
[Source "ChessBase"]
[SourceDate "2021.10.24"]
[SourceVersion "1"]
[SourceVersionDate "2021.10.24"]
[SourceQuality "1"]

1. Nf3 Nf6 2. c4 b6 3. g3 Bb7 4. Bg2 g6 5. 0-0 Bg7 6. Nc3 0-0 7. d4 d5 8. Ne5 c6 9. cxd5 cxd5 10. Qa4 Ne4 11. Rd1 Nxc3 12. bxc3 Qc7 13. Bf4 g5 14. Be3 f6 15. Nd3 h6 16. c4 dxc4 17. Bxb7 Qxb7 18. Qxc4+ Kh7 19. Rac1 Na6 20. Qe6 Rac8 21. Rxc8 Rxc8 22. Rc1 Rxc1+ 23. Bxc1 Nb8 24. Ba3 Qc7 25. Bxe7 Nc6 26. Bd6 Qb7 27. Qe4+ Kh8 28. Nb4 Na5 29. Qe8+ Kh7 30. d5 f5 31. Nc6 Nc4 32. Ne7 1-0

[Event "CP-2013-P-00041"]
[Site "LSS email"]
[Date "2013.09.30"]
[Round "?"]
[White "Carretero, Juan"]
[Black "Korzun, Sergey"]
[Result "0-1"]
[WhiteElo "1348"]
[BlackElo "1487"]
[PlyCount "64"]
[EventDate "2013.10.01"]
[EventType "tourn (corr)"]
[EventRounds "6"]
[EventCountry "GER"]
[SourceTitle "Corr 2022"]
[Source "ChessBase"]
[SourceDate "2021.10.24"]
[SourceVersion "1"]
[SourceVersionDate "2021.10.24"]
[SourceQuality "1"]

1. Nf3 f5 2. g3 Nf6 3. d4 e6 4. Bg2 Be7 5. c4 0-0 6. Nc3 d5 7. cxd5 exd5 8. 0-0 Ne4 9. Bf4 c6 10. Rc1 Be6 11. Ne5 Nd7 12. f3 Nxc3 13. bxc3 Nxe5 14. Bxe5 Bd6 15. f4 Qd7 16. e3 b5 17. a4 a5 18. Rb1 Rfb8 19. Qc2 b4 20. Rb3 Rb7 21. Rfb1 Be7 22. Bf1 Bf8 23. c4 c5 24. dxc5 Rc8 25. cxd5 Bxd5 26. Bc4 Rxc5 27. Bxd5+ Rxd5 28. Bd4 Qxa4 29. Qc8 Qd7 30. Qa8 Rc7 31. Ra1 Rc8 32. Qa6 Rxd4 0-1

[Event "CP-2013-P-00041"]
[Site "LSS email"]
[Date "2013.09.30"]
[Round "?"]
[White "Korzun, Sergey"]
[Black "Gajic, Sladjan"]
[Result "1-0"]
[WhiteElo "1487"]
[BlackElo "1903"]
[PlyCount "107"]
[EventDate "2013.10.01"]
[EventType "tourn (corr)"]
[EventRounds "6"]
[EventCountry "GER"]
[SourceTitle "Corr 2022"]
[Source "ChessBase"]
[SourceDate "2021.10.24"]
[SourceVersion "1"]
[SourceVersionDate "2021.10.24"]
[SourceQuality "1"]

1. c4 e5 2. g3 Nf6 3. Bg2 d5 4. cxd5 Nxd5 5. Nc3 Nb6 6. e3 Nc6 7. Nge2 Be7 8. f4 exf4 9. Nxf4 0-0 10. 0-0 Bf5 11. d4 Qd7 12. Ne4 Nb4 13. a3 N4d5 14. Nxd5 Nxd5 15. Nf2 Bg6 16. Nd3 Rad8 17. Ne5 Qb5 18. a4 Qb6 19. a5 Qb5 20. Rf2 Bf6 21. Bf1 Qb4 22. Nxg6 hxg6 23. Bd2 Qe7 24. Qf3 c6 25. e4 Bxd4 26. exd5 Rxd5 27. Re1 Bxf2+ 28. Qxf2 Qd6 29. Bc3 a6 30. Re4 Rd1 31. Kg2 Qd5 32. Qf3 Rc1 33. Bc4 Rc2+ 34. Kh3 Qd7+ 35. g4 Kh7 36. Qd3 Qxd3+ 37. Bxd3 Rc1 38. Re7 Rg1 39. Bc4 f6 40. Rxb7 Kh6 41. Bd4 Ra1 42. Bb6 Ra8 43. Rc7 c5 44. Rxc5 Rb1 45. b3 g5 46. Rc6 Ra1 47. Bc7 Ra3 48. Kg2 Ra2+ 49. Kf3 Ra3 50. Ke4 Kg6 51. Rxa6 Rxa6 52. Bxa6 Rxb3 53. Bd3 Ra3 54. a6 1-0

[Event "SD-2013-0-00162"]
[Site "LSS email"]
[Date "2013.03.09"]
[Round "?"]
[White "Sternik, Ryszard"]
[Black "Korzun, Sergey"]
[Result "1/2-1/2"]
[WhiteElo "1600"]
[BlackElo "1431"]
[PlyCount "60"]
[EventDate "2013.02.06"]
[EventType "tourn (corr)"]
[EventRounds "6"]
[EventCountry "GER"]
[SourceTitle "Telechess CBM 161"]
[Source "ChessBase"]
[SourceDate "2014.07.16"]
[SourceVersion "1"]
[SourceVersionDate "2014.07.16"]
[SourceQuality "1"]

1. e4 d6 2. d4 g6 3. c4 Bg7 4. Nc3 Nf6 5. Nf3 0-0 6. Be2 Nc6 7. d5 Nb4 8. 0-0 c6 9. Bf4 Na6 10. Qd2 Nc5 11. e5 dxe5 12. Bxe5 Ncd7 13. Bd4 cxd5 14. cxd5 Nb6 15. Rad1 Bf5 16. Nh4 Bd7 17. Rfe1 a6 18. Nf3 Nc8 19. Qe3 Nd6 20. Bd3 Re8 21. Bb6 Qc8 22. Ne5 Bf5 23. Be2 Nd7 24. Nxd7 Bxd7 25. Qf3 Qb8 26. a4 Nc8 27. Bd4 Nd6 28. Bxg7 Kxg7 29. b4 b5 30. a5 Qa7 1/2-1/2

[Event "SD-2013-0-00162"]
[Site "LSS email"]
[Date "2013.03.06"]
[Round "?"]
[White "Camps, Jean Pierre"]
[Black "Korzun, Sergey"]
[Result "1-0"]
[WhiteElo "1629"]
[BlackElo "1431"]
[PlyCount "63"]
[EventDate "2013.02.06"]
[EventType "tourn (corr)"]
[EventRounds "6"]
[EventCountry "GER"]
[SourceTitle "Telechess CBM 161"]
[Source "ChessBase"]
[SourceDate "2014.07.16"]
[SourceVersion "1"]
[SourceVersionDate "2014.07.16"]
[SourceQuality "1"]

1. e4 d6 2. d4 g6 3. Nc3 Bg7 4. Be3 a6 5. Qd2 b5 6. f3 Bb7 7. 0-0-0 Nd7 8. h4 Ngf6 9. g4 Nb6 10. h5 gxh5 11. g5 Nfd7 12. Rxh5 b4 13. Nb1 c5 14. dxc5 dxc5 15. b3 Qc7 16. Qh2 Rc8 17. Nd2 Qxh2 18. Rxh2 e6 19. Kb1 a5 20. Bb5 0-0 21. Bxd7 Nxd7 22. Nc4 Rc7 23. Bf4 e5 24. Be3 a4 25. Rhd2 Bc6 26. Nd6 axb3 27. cxb3 Ra8 28. Ne2 Bf8 29. Ng3 Bxd6 30. Rxd6 Bb5 31. Nh5 Kh8 32. Bc1 1-0

[Event "SD-2012-0-00157"]
[Site "LSS email"]
[Date "2013.01.30"]
[Round "?"]
[White "Henke, Simon"]
[Black "Korzun, Sergey"]
[Result "1-0"]
[WhiteElo "1405"]
[BlackElo "1431"]
[PlyCount "55"]
[EventDate "2012.12.07"]
[EventType "tourn (corr)"]
[EventRounds "6"]
[EventCountry "GER"]
[SourceTitle "Telechess CBM 161"]
[Source "ChessBase"]
[SourceDate "2014.07.16"]
[SourceVersion "1"]
[SourceVersionDate "2014.07.16"]
[SourceQuality "1"]

1. d4 d5 2. Nf3 Nf6 3. e3 c5 4. c3 Nbd7 5. Bd3 e6 6. 0-0 Bd6 7. Nbd2 0-0 8. Re1 Qc7 9. e4 dxe4 10. Nxe4 c4 11. Nxd6 cxd3 12. Nxc8 Raxc8 13. Qxd3 h6 14. g3 Rfd8 15. Bf4 Qc4 16. Qxc4 Rxc4 17. Bd2 Rc7 18. Re2 Nd5 19. Rae1 N7f6 20. Ne5 Nd7 21. f4 b5 22. Nd3 N7f6 23. Kg2 a5 24. a3 Kh7 25. Ne5 Nb6 26. g4 Nc4 27. Nxc4 Rxc4 28. f5 1-0

[Event "SD-2012-0-00157"]
[Site "LSS email"]
[Date "2013.01.30"]
[Round "?"]
[White "Korzun, Sergey"]
[Black "Basson, Heinrich"]
[Result "1/2-1/2"]
[WhiteElo "1431"]
[BlackElo "1399"]
[PlyCount "42"]
[EventDate "2012.12.07"]
[EventType "tourn (corr)"]
[EventRounds "6"]
[EventCountry "GER"]
[SourceTitle "Telechess CBM 161"]
[Source "ChessBase"]
[SourceDate "2014.07.16"]
[SourceVersion "1"]
[SourceVersionDate "2014.07.16"]
[SourceQuality "1"]

1. c4 e5 2. g3 Nf6 3. Bg2 d6 4. d3 Be7 5. Nf3 0-0 6. 0-0 Be6 7. Nc3 Nc6 8. Ng5 Bd7 9. Nge4 Rb8 10. b3 a6 11. Nxf6+ Bxf6 12. Rb1 Ne7 13. e4 b5 14. a3 c6 15. Qc2 Qc7 16. Bd2 Rfc8 17. Rfc1 Be6 18. Be3 d5 19. cxd5 cxd5 20. Qe2 Qd8 21. exd5 Nxd5 1/2-1/2

[Event "SD-2012-0-00157"]
[Site "LSS email"]
[Date "2013.01.30"]
[Round "?"]
[White "Permykov, Andrey Valerevich"]
[Black "Korzun, Sergey"]
[Result "1-0"]
[WhiteElo "1738"]
[BlackElo "1431"]
[PlyCount "38"]
[EventDate "2012.12.07"]
[EventType "tourn (corr)"]
[EventRounds "6"]
[EventCountry "GER"]
[SourceTitle "Corr 2015"]
[Source "ChessBase"]
[SourceDate "2015.07.17"]
[SourceVersion "1"]
[SourceVersionDate "2015.07.17"]
[SourceQuality "1"]

1. e4 e6 2. d4 d5 3. Nc3 Bb4 4. e5 c5 5. a3 Bxc3+ 6. bxc3 Ne7 7. Qg4 0-0 8. Bd3 c4 9. Bh6 Ng6 10. Bxg6 fxg6 11. Be3 Nc6 12. h4 Rf7 13. h5 Ne7 14. hxg6 Nxg6 15. Nf3 Nf8 16. Ng5 Rd7 17. Nxh7 Nxh7 18. Qg6 Nf8 19. Qh5 g6 1-0

[Event "BI-2011-F-00019"]
[Site "LSS email"]
[Date "2012.02.12"]
[Round "?"]
[White "Corbacho, Jose Luis"]
[Black "Korzun, Sergey"]
[Result "1-0"]
[WhiteElo "1583"]
[BlackElo "1526"]
[PlyCount "58"]
[EventDate "2012.02.15"]
[EventType "tourn (corr)"]
[EventRounds "10"]
[EventCountry "GER"]
[SourceTitle "Telechess CBM 165"]
[Source "ChessBase"]
[SourceDate "2015.03.11"]
[SourceVersion "1"]
[SourceVersionDate "2015.03.11"]
[SourceQuality "1"]

1. e4 g6 2. d4 b6 3. Nf3 Bb7 4. Nc3 Nf6 5. Bd3 Bg7 6. e5 Nd5 7. Nxd5 Bxd5 8. c4 Bb7 9. Qe2 d5 10. 0-0 dxc4 11. Bxc4 0-0 12. Bg5 Nc6 13. Rfd1 Nb4 14. Rac1 a5 15. a3 Nd5 16. Qe4 c6 17. Qh4 f6 18. Bh6 Qd7 19. Bxg7 Kxg7 20. Re1 Ba6 21. Bb3 Rac8 22. Bc2 f5 23. Ng5 h6 24. Nf3 e6 25. Qg3 g5 26. h4 g4 27. Bb3 Rfd8 28. Rc2 Kg6 29. Rec1 Kf7 1-0

[Event "BI-2011-F-00019"]
[Site "LSS email"]
[Date "2012.02.12"]
[Round "?"]
[White "Krabbenbos, Jan"]
[Black "Korzun, Sergey"]
[Result "1/2-1/2"]
[WhiteElo "1667"]
[BlackElo "1526"]
[PlyCount "48"]
[EventDate "2012.02.15"]
[EventType "tourn (corr)"]
[EventRounds "10"]
[EventCountry "GER"]
[SourceTitle "Telechess CBM 165"]
[Source "ChessBase"]
[SourceDate "2015.03.11"]
[SourceVersion "1"]
[SourceVersionDate "2015.03.11"]
[SourceQuality "1"]

1. e4 g6 2. d4 b6 3. Nc3 d6 4. Nf3 Bg7 5. Bc4 e6 6. Bf4 Ne7 7. 0-0 0-0 8. Qd2 Nbc6 9. Bh6 d5 10. Bd3 Nb4 11. Rfe1 Bb7 12. Bxg7 Kxg7 13. Bb5 h6 14. a3 a6 15. Bf1 dxe4 16. Nxe4 Bxe4 17. Rxe4 Nbd5 18. Rd1 Nf5 19. c3 Nf6 20. Ree1 Nd5 21. Bd3 Nh4 22. Ne5 Qg5 23. Qxg5 hxg5 24. g3 Nf5 1/2-1/2

[Event "LSS SC-2010-0-00072"]
[Site "LSS email"]
[Date "2010.08.31"]
[Round "?"]
[White "Korzun, Sergey"]
[Black "Eide, John Henning"]
[Result "0-1"]
[WhiteElo "1577"]
[BlackElo "1724"]
[PlyCount "64"]
[EventDate "2010.08.07"]
[EventType "tourn (corr)"]
[EventRounds "6"]
[EventCountry "GER"]
[SourceTitle "Telechess CBM 147"]
[Source "ChessBase"]
[SourceDate "2012.03.16"]
[SourceVersion "1"]
[SourceVersionDate "2012.03.16"]
[SourceQuality "1"]

1. d4 d5 2. e3 Nf6 3. Nf3 e6 4. Be2 Bd6 5. 0-0 0-0 6. c4 b6 7. Nc3 Bb7 8. b3 dxc4 9. bxc4 Nbd7 10. Bb2 c5 11. Bd3 cxd4 12. exd4 a6 13. a4 Qc7 14. Re1 Bxf3 15. Qxf3 Bxh2+ 16. Kh1 Bd6 17. Ne4 Nxe4 18. Rxe4 Rfe8 19. Rh4 h6 20. g4 Bf4 21. Rg1 Nf6 22. Bc1 Bxc1 23. Rxc1 Rad8 24. Qe3 Qc6+ 25. Kg1 Qxa4 26. Bc2 Qa5 27. c5 Rd5 28. Bb3 Rg5 29. f3 bxc5 30. dxc5 Rc8 31. c6 Re5 32. Qf2 Qb5 0-1

[Event "LSS SC-2010-0-00072"]
[Site "LSS email"]
[Date "2010.08.31"]
[Round "?"]
[White "Shelykalin, Vjacheslav"]
[Black "Korzun, Sergey"]
[Result "1-0"]
[WhiteElo "1721"]
[BlackElo "1604"]
[PlyCount "43"]
[EventDate "2010.08.07"]
[EventType "tourn (corr)"]
[EventRounds "6"]
[EventCountry "GER"]
[SourceTitle "Telechess CBM 143"]
[Source "ChessBase"]
[SourceDate "2011.07.15"]
[SourceVersion "1"]
[SourceVersionDate "2011.07.15"]
[SourceQuality "1"]

1. d4 f5 2. g3 Nf6 3. Bg2 g6 4. Nf3 Bg7 5. 0-0 0-0 6. c4 d5 7. cxd5 Nxd5 8. Nc3 c6 9. Re1 Nd7 10. Nxd5 cxd5 11. Bf4 Qb6 12. Qb3 Qxb3 13. axb3 Rf6 14. Ra5 Rb6 15. Rxd5 e6 16. Rd6 Rxb3 17. Ng5 Nf8 18. Rd8 Bf6 19. Re8 Bxg5 20. Bxg5 Kf7 21. Re7+ Kg8 22. Rc1 1-0

[Event "LSS SC-2010-0-00072"]
[Site "LSS email"]
[Date "2010.08.26"]
[Round "?"]
[White "Korzun, Sergey"]
[Black "Steinert, Martin"]
[Result "1/2-1/2"]
[WhiteElo "1639"]
[BlackElo "1555"]
[PlyCount "39"]
[EventDate "2010.08.07"]
[EventType "tourn (corr)"]
[EventRounds "6"]
[EventCountry "GER"]
[SourceTitle "Telechess CBM 143"]
[Source "ChessBase"]
[SourceDate "2011.07.15"]
[SourceVersion "1"]
[SourceVersionDate "2011.07.15"]
[SourceQuality "1"]

1. d4 Nf6 2. c4 g6 3. Nf3 Bg7 4. e3 0-0 5. Bd3 c5 6. 0-0 Na6 7. a3 b6 8. Nc3 d6 9. Rb1 Nc7 10. d5 e6 11. e4 exd5 12. cxd5 a6 13. Re1 b5 14. Bg5 Bg4 15. h3 Bxf3 16. Qxf3 Re8 17. b3 Re5 18. Bf4 Re7 19. Bg5 Re5 20. Bf4 1/2-1/2

[Event "LSS SC-2010-0-00072"]
[Site "LSS email"]
[Date "2010.08.25"]
[Round "?"]
[White "Korzun, Sergey"]
[Black "Baum, Frank Christian"]
[Result "1-0"]
[WhiteElo "1577"]
[BlackElo "1368"]
[PlyCount "22"]
[EventDate "2010.08.07"]
[EventType "tourn (corr)"]
[EventRounds "6"]
[EventCountry "GER"]
[SourceTitle "Corr 2013"]
[Source "ChessBase"]
[SourceDate "2012.11.12"]
[SourceVersion "1"]
[SourceVersionDate "2012.11.12"]
[SourceQuality "1"]
[WhiteTeam "US of America"]
[BlackTeam "US of America"]
[WhiteTeamCountry "USA"]
[BlackTeamCountry "USA"]

1. d4 f5 2. Nc3 Nf6 3. Bg5 d5 4. Nf3 e6 5. e3 Bd6 6. Be2 0-0 7. 0-0 Nc6 8. Nb5 a6 9. Nxd6 Qxd6 10. Bf4 Qe7 11. c4 dxc4 1-0

[Event "LSS SC-2010-0-00072"]
[Site "LSS email"]
[Date "2010.08.24"]
[Round "?"]
[White "Lavis, Jon"]
[Black "Korzun, Sergey"]
[Result "1-0"]
[WhiteElo "1743"]
[BlackElo "1577"]
[PlyCount "49"]
[EventDate "2010.08.07"]
[EventType "tourn (corr)"]
[EventRounds "6"]
[EventCountry "GER"]
[SourceTitle "Telechess CBM 147"]
[Source "ChessBase"]
[SourceDate "2012.03.16"]
[SourceVersion "1"]
[SourceVersionDate "2012.03.16"]
[SourceQuality "1"]

1. g3 d5 2. f4 Nf6 3. Nf3 c5 4. Bg2 e6 5. d3 Be7 6. 0-0 0-0 7. c3 Nc6 8. Na3 a6 9. Nc2 Qc7 10. b3 Rd8 11. Bb2 c4 12. Ncd4 Bc5 13. dxc4 dxc4 14. e3 Nd5 15. Qe2 cxb3 16. axb3 e5 17. fxe5 Bg4 18. e6 Bxe6 19. Ng5 Qe5 20. Ne4 Nxe3 21. Nxc5 Bg4 22. Qf2 Nxf1 23. Nxb7 Rxd4 24. cxd4 Qe3 25. Bxc6 1-0

[Event "LSS BI-2009-F-00012"]
[Site "LSS email"]
[Date "2010.02.15"]
[Round "?"]
[White "Korzun, Sergey"]
[Black "Blair, Matthew"]
[Result "0-1"]
[WhiteElo "1599"]
[BlackElo "1684"]
[PlyCount "46"]
[EventDate "2010.02.17"]
[EventType "tourn (corr)"]
[EventRounds "10"]
[EventCountry "GER"]
[SourceTitle "Telechess CBM 147"]
[Source "ChessBase"]
[SourceDate "2012.03.16"]
[SourceVersion "1"]
[SourceVersionDate "2012.03.16"]
[SourceQuality "1"]

1. c4 Nf6 2. Nf3 b6 3. g3 c5 4. b3 g6 5. Bg2 Bg7 6. Bb2 Bb7 7. 0-0 0-0 8. Nc3 Na6 9. d4 d5 10. Ne5 e6 11. e3 Qe7 12. Rc1 dxc4 13. Bxb7 Qxb7 14. Nxc4 Rfd8 15. Nb5 Qc6 16. a4 Nb4 17. Qe2 a6 18. Ne5 Qb7 19. Na3 Ne4 20. Nf3 Na2 21. Rc2 Rac8 22. Ba1 Nb4 23. Rcc1 Qd5 0-1

[Event "LSS BI-2009-F-00012"]
[Site "LSS email"]
[Date "2010.02.15"]
[Round "?"]
[White "Korzun, Sergey"]
[Black "Rojas Sagredo, Fernando"]
[Result "0-1"]
[WhiteElo "1653"]
[BlackElo "1315"]
[PlyCount "104"]
[EventDate "2010.02.17"]
[EventType "tourn (corr)"]
[EventRounds "10"]
[EventCountry "GER"]
[SourceTitle "Telechess CBM 141"]
[Source "ChessBase"]
[SourceDate "2011.03.17"]
[SourceVersion "1"]
[SourceVersionDate "2011.03.17"]
[SourceQuality "1"]

1. c4 g6 2. Nf3 c5 3. g3 Nc6 4. Bg2 Bg7 5. 0-0 Nf6 6. e3 d6 7. d4 e6 8. dxc5 dxc5 9. Qxd8+ Nxd8 10. Rd1 Bd7 11. Ne5 Ba4 12. Rd2 Ne4 13. Bxe4 Bxe5 14. Na3 Bc6 15. Bg2 Bxg2 16. Kxg2 Nc6 17. Rb1 Ke7 18. f4 Bg7 19. e4 Nb4 20. b3 Bc3 21. Rd1 a6 22. Be3 b6 23. e5 Rad8 24. h3 f6 25. exf6+ Bxf6 26. Kf3 Nxa2 27. Nc2 Nc3 28. Rxd8 Rxd8 29. Ra1 a5 30. Rc1 h6 31. Ne1 Bg7 32. g4 Kf7 33. Rc2 Nb1 34. Ke2 Nc3+ 35. Kf3 Rd1 36. Rc1 Rxc1 37. Bxc1 Bd4 38. Nd3 Kf6 39. Be3 Bxe3 40. Kxe3 g5 41. Kd2 Na2 42. Ke3 Nb4 43. Ne1 gxf4+ 44. Kxf4 Nc6 45. Nf3 Nd4 46. Nd2 e5+ 47. Kg3 Kg6 48. h4 h5 49. g5 Kf7 50. Kg2 Nf5 51. Kh3 Kg6 52. Ne4 Nd4 0-1

[Event "LSS BI-2009-F-00012"]
[Site "LSS email"]
[Date "2010.02.15"]
[Round "?"]
[White "Lifshitz, Samuel"]
[Black "Korzun, Sergey"]
[Result "1-0"]
[WhiteElo "1834"]
[BlackElo "1599"]
[PlyCount "35"]
[EventDate "2010.02.17"]
[EventType "tourn (corr)"]
[EventRounds "10"]
[EventCountry "GER"]
[SourceTitle "Telechess CBM 147"]
[Source "ChessBase"]
[SourceDate "2012.03.16"]
[SourceVersion "1"]
[SourceVersionDate "2012.03.16"]
[SourceQuality "1"]

1. e4 d6 2. d4 e5 3. Nf3 Bg4 4. Be3 exd4 5. Qxd4 Nc6 6. Qa4 Nf6 7. Nc3 Bd7 8. h3 Be7 9. Be2 0-0 10. 0-0-0 a6 11. e5 dxe5 12. Qh4 Re8 13. Bc4 b5 14. Bb3 b4 15. Ng5 bxc3 16. Nxf7 Qb8 17. Qc4 cxb2+ 18. Kb1 1-0

[Event "CP-2008-Q-00001"]
[Site "LSS email"]
[Date "2010.01.10"]
[Round "?"]
[White "Korzun, Sergey"]
[Black "Silva Filho, Alcindo Luz Bastos"]
[Result "0-1"]
[WhiteElo "1672"]
[BlackElo "1882"]
[PlyCount "110"]
[EventDate "2010.01.15"]
[EventType "tourn (corr)"]
[EventRounds "6"]
[EventCountry "GER"]
[SourceTitle "Telechess CBM 141"]
[Source "ChessBase"]
[SourceDate "2011.03.17"]
[SourceVersion "1"]
[SourceVersionDate "2011.03.17"]
[SourceQuality "1"]

1. Nf3 Nf6 2. c4 c5 3. b3 e6 4. g3 d5 5. Bg2 Nc6 6. 0-0 Be7 7. Bb2 d4 8. d3 0-0 9. e3 e5 10. exd4 exd4 11. Re1 Re8 12. a3 Bf5 13. Qc2 h6 14. Nbd2 Qd7 15. Re2 Bd6 16. Rae1 Rxe2 17. Rxe2 Re8 18. Rxe8+ Qxe8 19. Nh4 Qe1+ 20. Nf1 Bh7 21. Nf3 Qe6 22. N1d2 g5 23. Bf1 g4 24. Nh4 Qe1 25. Ng2 Qe7 26. f3 h5 27. f4 a6 28. Qd1 h4 29. Qe2 h3 30. Qxe7 Bxe7 31. Ne1 Bf5 32. Kf2 Kg7 33. Nc2 Kg6 34. Be2 b6 35. a4 a5 36. Nb1 Bd7 37. Nba3 Na7 38. Nb1 Bd6 39. Nd2 Kf5 40. Bc1 Nc6 41. Bb2 Nb4 42. Nxb4 axb4 43. Bd1 Bc6 44. Be2 Bb7 45. Bd1 Bg2 46. Be2 Bc6 47. Bd1 Be7 48. Be2 Bf8 49. Bd1 Bh6 50. Be2 Bg2 51. Bd1 Nh5 52. Ne4 Nxf4 53. gxf4 Bxf4 54. Kg1 Ke5 55. Bxg4 f5 0-1

[Event "CP-2008-Q-00001"]
[Site "LSS email"]
[Date "2010.01.10"]
[Round "?"]
[White "Santistevan, Ovidio"]
[Black "Korzun, Sergey"]
[Result "1-0"]
[WhiteElo "1857"]
[BlackElo "1726"]
[PlyCount "31"]
[EventDate "2010.01.15"]
[EventType "tourn (corr)"]
[EventRounds "6"]
[EventCountry "GER"]
[SourceTitle "Corr 2013"]
[Source "ChessBase"]
[SourceDate "2012.11.12"]
[SourceVersion "1"]
[SourceVersionDate "2012.11.12"]
[SourceQuality "1"]

1. e4 c5 2. Nf3 e6 3. d4 d5 4. exd5 exd5 5. Bb5+ Nc6 6. 0-0 Bd7 7. dxc5 Nf6 8. Qe2+ Qe7 9. Be3 Ng4 10. Nc3 Nxe3 11. fxe3 0-0-0 12. Rad1 Be6 13. Bxc6 bxc6 14. Nd4 Qb7 15. b4 Qxb4 16. Nxc6 1-0

[Event "CP-2008-Q-00001"]
[Site "LSS email"]
[Date "2010.01.10"]
[Round "?"]
[White "Squires, Michael B"]
[Black "Korzun, Sergey"]
[Result "1-0"]
[WhiteElo "2002"]
[BlackElo "1584"]
[PlyCount "61"]
[EventDate "2010.01.15"]
[EventType "tourn (corr)"]
[EventRounds "6"]
[EventCountry "GER"]
[SourceTitle "Telechess CBM 145"]
[Source "Chessbase"]
[SourceDate "2011.11.11"]
[SourceVersion "1"]
[SourceVersionDate "2011.11.11"]
[SourceQuality "1"]

1. e4 c5 2. c3 e5 3. Nf3 Nc6 4. Bc4 Qc7 5. 0-0 Be7 6. Na3 Nf6 7. d4 d6 8. dxc5 dxc5 9. Bg5 0-0 10. Bxf6 Bxf6 11. Qe2 a6 12. Nc2 b5 13. Bd5 Rb8 14. Ne3 Ne7 15. Rfd1 Ng6 16. g3 Ne7 17. Kg2 Rd8 18. a4 Rb6 19. axb5 axb5 20. Qc2 Bd7 21. Qb3 c4 22. Qa2 Rd6 23. h4 Bc6 24. Bxc6 Rxc6 25. Rxd8+ Qxd8 26. Qa5 Qb8 27. Qa8 Rc8 28. Qxb8 Rxb8 29. Ng4 h5 30. Ngxe5 g6 31. Nd7 1-0

[Event "LSS CP-2009-P-00067"]
[Site "LSS email"]
[Date "2009.09.27"]
[Round "?"]
[White "Rebhan, Gilbert Andre"]
[Black "Korzun, Sergey"]
[Result "1-0"]
[WhiteElo "2018"]
[BlackElo "1604"]
[PlyCount "69"]
[EventDate "2009.10.01"]
[EventType "tourn (corr)"]
[EventRounds "6"]
[EventCountry "GER"]
[SourceTitle "Corr 2013"]
[Source "ChessBase"]
[SourceDate "2012.11.12"]
[SourceVersion "1"]
[SourceVersionDate "2012.11.12"]
[SourceQuality "1"]
[WhiteTeam "US of America"]
[BlackTeam "US of America"]
[WhiteTeamCountry "USA"]
[BlackTeamCountry "USA"]

1. Nc3 d5 2. e4 c6 3. Qf3 e6 4. exd5 cxd5 5. d4 Nc6 6. Qd1 Nf6 7. Nf3 Bb4 8. Be2 Ne4 9. Qd3 Qa5 10. Bd2 Nxd2 11. Nxd2 0-0 12. 0-0 Bxc3 13. Nb3 Qb4 14. Qxc3 Qxc3 15. bxc3 b6 16. a4 Bb7 17. a5 bxa5 18. Rfb1 Bc8 19. Nxa5 Nxa5 20. Rxa5 a6 21. f4 Rd8 22. Rb4 Kf8 23. Kf2 Rd7 24. c4 dxc4 25. Rxc4 Bb7 26. g3 Rad8 27. Ke3 Rd5 28. Raa4 R5d7 29. Rcb4 Ra8 30. Rb6 a5 31. Rb5 Rc8 32. Bd3 Bc6 33. Rc5 Rdc7 34. Raxa5 Ke7 35. f5 1-0

[Event "LSS BI-2009-P-00015"]
[Site "LSS email"]
[Date "2009.04.19"]
[Round "?"]
[White "Kelbl, Jiri"]
[Black "Korzun, Sergey"]
[Result "1-0"]
[WhiteElo "1293"]
[BlackElo "1784"]
[PlyCount "25"]
[EventDate "2009.04.20"]
[EventType "tourn (corr)"]
[EventRounds "10"]
[EventCountry "GER"]
[SourceTitle "Corr 2013"]
[Source "ChessBase"]
[SourceDate "2012.11.12"]
[SourceVersion "1"]
[SourceVersionDate "2012.11.12"]
[SourceQuality "1"]
[WhiteTeam "US of America"]
[BlackTeam "US of America"]
[WhiteTeamCountry "USA"]
[BlackTeamCountry "USA"]

1. e4 d6 2. d4 c6 3. Nc3 Nd7 4. Nf3 e5 5. Bc4 b5 6. Bb3 Be7 7. dxe5 Nxe5 8. Nxe5 dxe5 9. Qh5 g6 10. Qxe5 f6 11. Qg3 Qd6 12. Bf4 Qd7 13. Rd1 1-0

[Event "LSS BI-2009-P-00015"]
[Site "LSS email"]
[Date "2009.04.19"]
[Round "?"]
[White "Korzun, Sergey"]
[Black "Agrafenin, Andrey Alexandrovic"]
[Result "0-1"]
[WhiteElo "1735"]
[BlackElo "2001"]
[PlyCount "40"]
[EventDate "2009.04.20"]
[EventType "tourn (corr)"]
[EventRounds "10"]
[EventCountry "GER"]
[SourceTitle "Corr 2011"]
[Source "ChessBase"]
[SourceDate "2010.08.31"]
[SourceVersion "1"]
[SourceVersionDate "2010.08.31"]
[SourceQuality "1"]

1. d4 d5 2. f4 Nf6 3. Nf3 Bf5 4. e3 e6 5. Be2 c5 6. 0-0 Nc6 7. Nh4 Be4 8. Nc3 Rc8 9. Nxe4 dxe4 10. f5 cxd4 11. fxe6 fxe6 12. Bh5+ Ke7 13. b3 Qa5 14. Be2 Rd8 15. b4 Qxb4 16. Rb1 dxe3 17. Rxb4 Rxd1 18. Rxb7+ Rd7 19. Rxd7+ Kxd7 20. Bxe3 Nd5 0-1